السيف المسلول في تصحيح الضاد والطاء والراء، (رقم التسجيلة. 132039)

تفاصيل مارك
000 -الفاتح
عناصر البيانات ثابتة الطول 01081cam a2200229 i 4500
005 - تاريخ ووقت آخر معاملة
حقل ضبط 20251127110753.0
008 - عناصر البيانات ثابتة الطول
عناصر البيانات ثابتة الطول 250721s2010 le gr 000 0 ara d
020 ## - الترقيم الدولي المعياري للكتب (ردمك)
الترقيم الدولي المعياري للكتب (ردمك) 2745168207
082 14 - رقم تصنيف ديوي العشري
رقم التصنيف 211.71
رقم المادة م غ ن
100 1# - مدخل رئيسي – اسم شخصي
الاسم الشخصي المغنيسي، محمود
علاقة الشخص بالعمل/ دوره مؤلف.
245 12 - بيان العنوان
العنوان السيف المسلول في تصحيح الضاد والطاء والراء،
بقية العنوان ويليه، هداية الراغبين في بيان أحكام آيات رب العالمين للشيخ إبراهيم بن شرف السكندري /
بيان المسؤولية تأليف الشيخ محمود المغنيسي ؛ تحقيق فرغلي سيد عرباوي.
250 ## - بيان الطبعة
بيان الطبعة الطبعة الأولى.
264 31 - بيانات النشر، التوزيع…إلخ
مكان النشر، التوزيع...إلخ بيروت :
اسم الناشر، الموزع...إلخ دار الكتب العلمية،
تاريخ النشر، التوزيع...إلخ 2010.
300 ## - الوصف المادي
عدد الوحدات المكونة للوعاء 192 صفحة.
650 17 - مدخل إضافي بالموضوع - مصطلح موضوعي
مصطلح موضوعي أو اسم جغرافي كعنصر مدخل اللغه العربية.
650 17 - مدخل إضافي بالموضوع - مصطلح موضوعي
مصطلح موضوعي أو اسم جغرافي كعنصر مدخل آيات الأحكام.
650 17 - مدخل إضافي بالموضوع - مصطلح موضوعي
مصطلح موضوعي أو اسم جغرافي كعنصر مدخل الإعجاز البلاغي.
700 1# - مدخل إضافي - اسم شخصي
الاسم الشخصي السكندري، ابراهيم بن شريف
علاقة الشخص بالعمل/ دوره مؤلف.
700 1# - مدخل إضافي - اسم شخصي
الاسم الشخصي عرباوي، فرغلي سيد
علاقة الشخص بالعمل/ دوره محقق.
942 ## - بيانات إضافية (كوها)
نوع التنصيف Dewey Decimal Classification
نوع المادة (كوها) كتب
المقتنيات
حالة السحب حالة الفقدان مصدر التصنيف حالة التلف غير قابل للإعارة المكتبة الرئيسية المكتبة الحالية موقع الرف تاريخ التزويد الرقم المتسلسل Total Checkouts رقم الإستدعاء الباركود تاريخ آخر ظهور تاريخ الفاتورة نوع المادة (كوها)
    Dewey Decimal Classification     المكتبة المركزية المكتبة المركزية الإعارة 28/07/2025 1612106   211.71/ م غ ن PLD00347923 28/07/2025 28/07/2025 كتب
    Dewey Decimal Classification     مكتبة أبو علندا العامة مكتبة أبو علندا العامة الإعارة 19/09/2015 1612107   211.71/ مغن PLD00348760 28/07/2025 19/09/2015 كتب
    Dewey Decimal Classification     مكتبة الأميرة ايمان العامة مكتبة الأميرة ايمان العامة الإعارة 19/09/2015 1612108   211.71/ مغن PLD00348761 28/07/2025 19/09/2015 كتب
Implemented & Customized by: BBB with SCIT (Smart Chains for Information Technology)

Powered by Koha